| 000 | 00827 a2200253 4500 | ||
|---|---|---|---|
| 003 | OSt | ||
| 005 | 20180116192346.0 | ||
| 008 | 120531t xxu||||| |||| 00| 0 eng d | ||
| 020 | _a9789063692049 (pbk.) | ||
| 020 | _a9063692048 (pbk.) | ||
| 040 | _c0 | ||
| 082 | 0 | 4 | _a721 |
| 100 | 1 |
_aLim, Joseph. _92790 |
|
| 245 | 1 | 0 |
_aBio-structural analogues in architecture / _cJoseph Lim. |
| 260 |
_aAmsterdam : _bBIS, _cc2009. |
||
| 300 |
_a255 p. : _bcol. ill. ; _c16 cm. |
||
| 650 | 0 |
_aStructural design. _92791 |
|
| 650 | 0 |
_aArchitecture and biology _92792 |
|
| 650 | 0 |
_aArchitectural design _xResearch _92793 |
|
| 650 | 0 |
_aArchitectural design _92794 |
|
| 942 |
_aSADA _cBK _k721 LIM 2009 _2ddc |
||
| 999 |
_c352780 _d352780 |
||